Statistiche per 10 Paesi d'Europa più a Ovest

Clicka qui per fare il quiz!

Statistiche generali

  • Questo quiz è stato fatto 1.459 volte
  • Il punteggio medio è 9 su 10

Statistiche sulle risposte

LongitudinePaese% Corretto
9°50' WPortogallo
99%
9°18' WSpagna
99%
5°08' WFrancia
99%
10°28' WIrlanda
97%
24°32' WIslanda
96%
8°10' WRegno Unito
96%
2°35' EBelgio
91%
3°21'EPaesi Bassi
91%
1°24' EAndorra
89%
9°04' WNorvegia
74%

Distribuzione punteggi

Percentile per numero di risposta

Percentuale di utenti per punteggio

I tuoi punteggi nel tempo

Non hai fatto questo quiz